000 00410nam a2200169Ia 4500
003 GCL
008 140319s9999 xx 000 0 eng d
040 _aGCL /
_cGCL
082 0 4 _a937
_bJ A
100 1 _aJAMES, SIMON
245 1 0 _aANCIENT ROME /
_cJAMES, SIMON
260 _a[S.N] :
_bDORLING KINDERSLEY ،
_c1993
300 _a62 P
650 0 4 _aROMAN EMPIRE
650 0 4 _aANCIENT ROME
942 _2ddc
_cBK
999 _c18865
_d18865